ბათუმის შოთა რუსთაველის სახელმწიფო უნივერსიტეტის ბიბლიოთეკა

Методы решения экстремальных задач минимизации функциональных пространствах, регуляризация, аппроксимация (ბიბ.ჩანაწერი № 38904)

000 -LEADER
fixed length control field 00858nam a2200205Ia 4500
001 - CONTROL NUMBER
control field 5322
003 - CONTROL NUMBER IDENTIFIER
control field GE_BSU
008 - FIXED-LENGTH DATA ELEMENTS--GENERAL INFORMATION
fixed length control field 181216s||||||||xx |||||||||||||| ||und||
040 ## - CATALOGING SOURCE
Transcribing agency GE_BSU
080 ## - UNIVERSAL DECIMAL CLASSIFICATION NUMBER
Universal Decimal Classification number 517.977.5(075.8)
100 ## - MAIN ENTRY--PERSONAL NAME
Personal name Васильев, Ф.П.
245 ## - TITLE STATEMENT
Title Методы решения экстремальных задач минимизации функциональных пространствах, регуляризация, аппроксимация
245 ## - TITLE STATEMENT
Statement of responsibility, etc. Ред.Н.Л.Григоренко
260 ## - PUBLICATION, DISTRIBUTION, ETC.
Place of publication, distribution, etc. Москва.
260 ## - PUBLICATION, DISTRIBUTION, ETC.
Name of publisher, distributor, etc. Наука
260 ## - PUBLICATION, DISTRIBUTION, ETC.
Date of publication, distribution, etc. 1981
300 ## - PHYSICAL DESCRIPTION
Extent 400 с.20 см.
653 ## - INDEX TERM--UNCONTROLLED
Uncontrolled term Методы решения экстремальных задач минимизации функциональных пространствах, регуляризация, аппроксимация
942 ## - ADDED ENTRY ELEMENTS (KOHA)
Koha item type წიგნი
ეგზემპლარები
Withdrawn status Lost status Damaged status Not for loan Date acquired Barcode Date last seen Price effective from Koha item type
        2018-12-17 16455 2018-12-17 2018-12-17 წიგნი
        2018-12-17 17428 2018-12-17 2018-12-17 წიგნი